Szczegóły MARC21

Stettin : Ansichten aus fünf Jahrhunderten = Szczecin : widoki z pięciu wieków /

003 -Nazwa inst., której nr kontr. jest w polu 001 [,]
    • @
    • Nazwa instytucji, której n kontrolny jest w polu 001
    • NUKAT
005 -DATA I CZAS OSTATNIEJ MODYFIKACJI [,]
    • @
    • pole kontrolne
    • 20260408143945.0
020 -Międzynarod. znormalizowany nr książki - ISBN [ , ]
    • a
    • Numer ISBN
    • 3891880553 Find
040 -Instytucja sporządzająca opis [ , ]
    • a
    • Instytucja, która sporządziła opis (NP)
    • TOR U/MS
    • c
    • Instytucja, która sporządziła rekord (NP)
    • TOR U/EC
    • d
    • Instytucja, która zmodyfikowała rekord (P)
    • TOR U/AP
    • d
    • Instytucja, która zmodyfikowała rekord (P)
    • TOR U/ENs
    • d
    • Instytucja, która zmodyfikowała rekord (P)
    • TOR U/UDs
041 -Język dokumentu [0, ]
    • a
    • Język tekstu (P)
    • niemiecki
    • b
    • Język streszczeń lub abstraktu (P)
    • polski
942 -Rodzaj dokumentu [ , ]
    • c
    • Rodzaj dokumentu
    • Książka
245 -Strefa tytułu i oznaczenia odpowiedzialności [0,0]
    • a
    • Tytuł
    • Stettin : Find
    • b
    • Ciąg dalszy tytułu (NP)
    • Ansichten aus fünf Jahrhunderten = Szczecin : widoki z pięciu wieków / Find
    • c
    • Pozostałe elementy strefy tytułu i oznaczenia odpowiedzialności (NP)
    • bearb. von Andreas Blühm, Eckhard Jäger ; mit Beitr. von Ekhart Berckenhagen [et al.] ; Museum Ostdeutsche Galerie Regensburg, Institut Nordostdeutsches Kulturwerk Lüneburg.
246 -Wariant tytułu [3,1]
    • a
    • Tytuł (NP)
    • Szczecin
260 -Strefa adresu wydawniczego [ , ]
    • a
    • Miejsce wydania (P)
    • Lüneburg :
    • b
    • Nazwa wydawcy (P)
    • Museum Ostdeutsche Galerie und Inst. Nordostdeutsches Kulturwerk,
    • c
    • Data wydania (P)
    • 1991.
300 -Strefa opisu fizycznego [ , ]
    • a
    • Określenie formy książki i/lub objętość (NP)
    • 243 s., [1] k. tabl. złoż. :
    • b
    • Oznaczenie ilustracji (NP)
    • faks., fot. (w tym kolor.) ;
    • c
    • Format (NP)
    • 20x21 cm.
336 -Typ zawartości [ , ]
    • a
    • Termin opisujący typ zawartości
    • Tekst
    • b
    • Kod określający zawartość
    • txt
    • 2
    • Źródło (terminu i kodu)
    • rdacontent
337 -Typ mediów [ , ]
    • a
    • Tryb odtwarzania
    • Bez urządzenia pośredniczącego
    • b
    • Kod typu mediów
    • n
    • 2
    • Źródło (terminu i kodu)
    • rdamedia
338 -Typ/rodzaj nośnika [ , ]
    • a
    • Hasło opisujące typ nośnika
    • Wolumin
    • b
    • Kod typu nośnika
    • nc
    • 2
    • Źródło (terminu i kodu)
    • rdacarrier
500 -Uwaga ogólna [ , ]
    • a
    • Uwaga ogólna (NP)
    • Ausstellung: Regensburg, Museum Ostdeutsche Galerie 25. Juli bis 8. September 1991, Kiel, Stiftung Pommern 24. September bis 3. November 1991, Bremerhaven, Deutsches Schiffahrtsmuseum 22. November bis 20. Dezember 1991, Lüneburg, Museum für das Fürstentum Lüneburg 19. Januar bis 16. Februar 1992, Szczecin, Muzeum Narodowe w Szczecinie 1. März bis 19. April 1992.
504 -Uwaga dot. bibliogr. załącznikowej [ , ]
    • a
    • Uwaga dot. bibliografii załącznikowej
    • Bibliogr. s. 236-239.
504 -Uwaga dot. bibliogr. załącznikowej [ , ]
    • a
    • Uwaga dot. bibliografii załącznikowej
    • Indeks.
546 -Uwaga dot. języka [ , ]
    • a
    • Uwaga dot. języka
    • Streszcz. w jęz. pol.
651 -Hasło przedmiotowe w formie nazwy geograficznej [ ,7]
    • a
    • Nazwa geograficzna
    • Szczecin (Polska)
    • x
    • Określnik rzeczowy
    • historia
    • v
    • Określnik formalny
    • katalogi wystaw.
    • 2
    • Źródło terminu
    • kaba
    • 9
    • KHW
    • 528557
651 -Hasło przedmiotowe w formie nazwy geograficznej [ ,7]
    • a
    • Nazwa geograficzna
    • Szczecin (Polska)
    • x
    • Określnik rzeczowy
    • w sztuce
    • v
    • Określnik formalny
    • katalogi wystaw.
    • 2
    • Źródło terminu
    • kaba
    • 9
    • KHW
    • 505726
700 -Hasło dodatkowe - nazwa osobowa [1, ]
    • a
    • Nazwa osobowa (NP)
    • Berckenhagen, Ekhart Find
    • d
    • Daty biograficzne (NP)
    • (1923-2001).
    • e
    • Określenie rodzaju współpracy
    • Oprac.
    • 9
    • KHW
    • 528236
700 -Hasło dodatkowe - nazwa osobowa [1, ]
    • a
    • Nazwa osobowa (NP)
    • Blühm, Andreas. Find
    • e
    • Określenie rodzaju współpracy
    • Oprac.
    • 9
    • KHW
    • 528235
700 -Hasło dodatkowe - nazwa osobowa [1, ]
    • a
    • Nazwa osobowa (NP)
    • Jäger, Eckhard Find
    • d
    • Daty biograficzne (NP)
    • (1941- ).
    • e
    • Określenie rodzaju współpracy
    • Oprac.
    • 9
    • KHW
    • 528234
920 -ISBN [ , ]
    • a
    • ISBN
    • 3-89188-055-3 Find
Sygnatura Numer inwentarzowy Status udost. Lokalizacja Data inwentaryzacji
Z.82159Z.821591BG1995-12-18
 H.28831BNS1995-12-18
 H.5281-3BNS1995-12-18
Z.125361Z.1253616ZS2022-01-19